Hidden Herbs - Statistics

General Stats
  • This quiz has been taken 908 times
  • The average score is 10 of 15
Answer Stats
Clue Herb % Correct
In Addis Ababa, silent warnings could be heard all across the city. Basil
88%
Did you know that a gnocchi vest is a delicious piece of clothing? Chive
88%
After passing through the swamp, they found a tar rag on the floor. Tarragon
77%
With the help of ibuprofen, Nelson led his country to victory. Fennel
74%
The royals held a wealthy meal in their palace. Thyme
73%
A free vending machine has what we call a vend error. Lavender
66%
A flash mob spars "Le yoyo est sacré !" to be shouted for all to hear. Parsley
66%
To join the party together, he Velcros 'em a rye bread bonanza. Rosemary
65%
The study of irregular color, e.g. anomalous amber, is a fascinating subject. Oregano
62%
In the past, massacres showed that not everyone lives to their potential. Cress
58%
Lisa generated a list of her favourite quizzes for me to play. Sage
58%
Don't you ever play my tuba! You don't have the authority to do so. Bay
54%
The patient forgot to take a vitamin, two years later they had an epiphany. Mint
54%
Sometimes, it is the richer villagers that benefit the least. Chervil
38%
Tonight on Mexico's food fights, quesadillas run wild across the streets. Dill
35%
No matching quizzes found
Score Distribution
Percent of People with Each Score
Percentile by Number Answered
Your Score History
You have not taken this quiz